Joint venture survival in multinational corporations (Record no. 19229)
[ view plain ]
| 000 -LEADER | |
|---|---|
| fixed length control field | 00485nam a22001577a 4500 |
| 008 - FIXED-LENGTH DATA ELEMENTS--GENERAL INFORMATION | |
| fixed length control field | 230406b |||||||| |||| 00| 0 eng d |
| 040 ## - CATALOGING SOURCE | |
| Original cataloging agency | National Science Library |
| Transcribing agency | National Science Library |
| 080 ## - UNIVERSAL DECIMAL CLASSIFICATION NUMBER | |
| Universal Decimal Classification number | 338.7:65.01 |
| Item number | L1 |
| 100 1# - MAIN ENTRY--PERSONAL NAME | |
| Personal name | Franko, Lawrence G |
| 9 (RLIN) | 6460 |
| 245 ## - TITLE STATEMENT | |
| Title | Joint venture survival in multinational corporations |
| 260 ## - PUBLICATION, DISTRIBUTION, ETC. | |
| Place of publication, distribution, etc. | New York: |
| Name of publisher, distributor, etc. | Praeger Publishers Inc, |
| Date of publication, distribution, etc. | 1971 |
| 300 ## - PHYSICAL DESCRIPTION | |
| Extent | xv, 217p. |
| 650 ## - SUBJECT ADDED ENTRY--TOPICAL TERM | |
| Topical term or geographic name entry element | Management |
| 653 ## - INDEX TERM--UNCONTROLLED | |
| Uncontrolled term | Decision-making |
| 942 ## - ADDED ENTRY ELEMENTS (KOHA) | |
| Source of classification or shelving scheme | Universal Decimal Classification |
| Koha item type | Books |
| Withdrawn status | Lost status | Source of classification or shelving scheme | Damaged status | Not for loan | Home library | Current library | Shelving location | Date acquired | Total Checkouts | Full call number | Barcode | Date last seen | Price effective from | Koha item type |
|---|---|---|---|---|---|---|---|---|---|---|---|---|---|---|
| Universal Decimal Classification | National Science Library | National Science Library | GF/Rk-5/C-8/R-1 | 03/01/1973 | 338.7:65.01 L1 | 43436 | 06/04/2023 | 03/01/1973 | Books |